Statistics for Chinese Provinces by Shape 中國省份形狀

Click here to take the quiz!

General Stats

  • This quiz has been taken 114 times
  • The average score is 20 of 28

Answer Stats

Answer% Correct
Taiwan
97%
Tibet
94%
Inner Mongolia
93%
Guangdong
87%
Hebei
83%
Gansu
81%
Sichuan
80%
Shaanxi
78%
Ningxia
74%
Heilongjiang
73%
Xinjiang
72%
Fujian
71%
Liaoning
71%
Yunnan
71%
Hainan
69%
Qinghai
66%
Shanxi
66%
Shandong
65%
Zhejiang
65%
Guangxi
62%
Jiangsu
62%
Henan
60%
Anhui
59%
Hunan
59%
Hubei
58%
Jiangxi
57%
Jilin
56%
Guizhou
55%

Score Distribution

Percentile by Number Answered

Percent of People with Each Score

Your Score History

You have not taken this quiz